Christianity and monasticism in northern Egypt : Beni Suef, Giza, Cairo, and the Nile Delta /

محفوظ في:

مؤلفون آخرون: Gabra, Gawdat., Takla, Hany N.

التنسيق: كتاب

اللغة: English

منشور في: Cairo ; New York : The American University in Cairo Press, [2017].

سلاسل: Christianity and monasticism in Egypt ; 7.

الموضوعات:

الوسوم: إضافة وسم

لا توجد وسوم, كن أول من يضع وسما على هذه التسجيلة!

رقم الطلب: BX134.5 .B31 G25 2017

LEADER 01664namaa2200337 4500
003 OSt
005 20251020122224.0
008 130303t20172107ua ab b 000 0 eng d
020 |a 9789774167775 
040 |c ARCE Library 
043 |a f-ua--- 
050 4 |a BX134.5 .B31 G25 2017 
245 0 0 |a Christianity and monasticism in northern Egypt :  |b Beni Suef, Giza, Cairo, and the Nile Delta /  |c edited by Gawdat Gabra, Hany N. Takla. 
264 1 |a Cairo ;   |a New York :   |b The American University in Cairo Press,   |c [2017]. 
264 4 |c ©2017. 
300 |a xxiv, 359 pages :  |b illustrations, maps ;  |c 24 cm. 
490 0 |a Christianity and monasticism in Egypt ;  |v 7. 
500 |a "A Saint Mark Foundation book". 
500 |a "[C]ontains the essays presented at the seventh international symposium of the St. Mark Foundation for Coptic History Studies and the St. Shenouda the Archimandrite Coptic Society. The symposium was held on February 8-12, 2015 in the Monastery of Saint Menas (Dayr Mari Mina) near Alexandria"--Foreword, page xix." 
504 |a Includes bibliographical references (pages 315-359). 
650 0 |a Coptic monasticism and religious orders   |z Egypt   |x History   |v Congresses.  
650 0 |a Coptic monasticism and religious orders   |z Egypt   |z Nile River Delta   |x History   |v Congresses. 
650 0 |a Copts   |z Egypt   |x Civilization   |v Congresses. 
651 0 |a Egypt   |x Church history   |v Congresses. 
700 1 |a Gabra, Gawdat. 
700 1 |a Takla, Hany N. 
710 2 |a Saint Mark Foundation,   |e issuing body 
710 2 |a Saint Shenouda the Archimandrite Coptic Society,   |e issuing body 
901 |a reviewed 
942 |c BK  |2 lcc 
999 |c 7236  |d 7236